000 00710nam a22002417a 4500
003 UA-OsUOA
001 41467
007 ta
008 20080725b un ||||| |||| 00| 0 ukr d
100 _aСлавченко Тарас
090 _a252
_bС47
942 _cBK
040 _aUA-OsUOA
_bukr
_cUA-OsUOA
_dUA-OsUOA
245 _a"Вірую..."
_b(75 розмов-проповідей)
300 _a295 с.
955 _a2
041 _aukr
080 _a252
260 _aВінніпег
_b"Екклезія"
_c1992
246 3 1 _aПравославно-християнська наука, згідно з символом віри
650 7 _a2 Релігія. Теологія.
_2UDC
999 _c439968
_d439968